|
|
|
|
| LEADER |
01859nam a22004814a 4500 |
| 001 |
EBC180930 |
| 003 |
MiAaPQ |
| 005 |
20200520144314.0 |
| 006 |
m o d | |
| 007 |
cr cn||||||||| |
| 008 |
021108s2003 enka sb 001 0 eng |
| 010 |
|
|
|z 2002153797
|
| 015 |
|
|
|a GBA3-52724
|
| 020 |
|
|
|z 0415308003
|
| 035 |
|
|
|a (MiAaPQ)EBC180930
|
| 035 |
|
|
|a (Au-PeEL)EBL180930
|
| 035 |
|
|
|a (CaPaEBR)ebr10165133
|
| 035 |
|
|
|a (CaONFJC)MIL40117
|
| 035 |
|
|
|a (OCoLC)173609126
|
| 040 |
|
|
|a MiAaPQ
|c MiAaPQ
|d MiAaPQ
|
| 043 |
|
|
|a as-----
|
| 050 |
|
4 |
|a HF2330.8.Z7
|b N47 2003
|
| 082 |
0 |
4 |
|a 337.1/5
|2 21
|
| 084 |
|
|
|a 83.42
|2 bcl
|
| 100 |
1 |
|
|a Nesadurai, Helen Sharmini.
|
| 245 |
1 |
0 |
|a Globalisation, domestic politics, and regionalism
|h [electronic resource] :
|b the ASEAN Free Trade Area /
|c Helen E.S. Nesadurai.
|
| 260 |
|
|
|a London ;
|a New York :
|b Routledge,
|c 2003.
|
| 300 |
|
|
|a xiv, 226 p. :
|b ill.
|
| 490 |
1 |
|
|a Routledge/Warwick studies in globalisation ;
|v 5
|
| 504 |
|
|
|a Includes bibliographical references (p. [203]-217) and index.
|
| 533 |
|
|
|a Electronic reproduction. Ann Arbor, MI : ProQuest, 2015. Available via World Wide Web. Access may be limited to ProQuest affiliated libraries.
|
| 610 |
2 |
0 |
|a ASEAN Free Trade Area.
|
| 650 |
|
0 |
|a Free trade
|z Southeast Asia.
|
| 650 |
|
0 |
|a Regionalism
|z Southeast Asia.
|
| 650 |
|
0 |
|a Globalization
|x Economic aspects
|z Southeast Asia.
|
| 650 |
|
0 |
|a Globalization
|x Political aspects
|z Southeast Asia.
|
| 651 |
|
0 |
|a Southeast Asia
|x Commercial policy.
|
| 651 |
|
0 |
|a Southeast Asia
|x Economic integration.
|
| 651 |
|
0 |
|a Southeast Asia
|x Foreign economic relations.
|
| 655 |
|
4 |
|a Electronic books.
|
| 710 |
2 |
|
|a ProQuest (Firm)
|
| 830 |
|
0 |
|a Routledge/Warwick studies in globalisation ;
|v 5.
|
| 856 |
4 |
0 |
|u https://ebookcentral.proquest.com/lib/matrademy/detail.action?docID=180930
|z Click to View
|